[Event "4th EUR-ch"]
[Site "Istanbul TUR"]
[Date "2003.06.12"]
[Round "12.94"]
[White "Duman, Aydin"]
[Black "Arlandi, Ennio"]
[Result "0-1"]
[WhiteElo "2185"]
[BlackElo "2456"]
[EventDate "2003.05.30"]
[PlyCount "122"]

1.e4 c5 2.Nf3 e6 3.c4 a6 4.Nc3 Qc7 5.Be2 b6 6.O-O Bb7 7.Re1 d6 8.d4 cxd4 
9.Nxd4 Nf6 10.f3 Be7 11.Be3 Nbd7 12.Rc1 O-O 13.Qd2 Rac8 14.a3 Rfe8 15.b4 
Qb8 16.Rc2 Bd8 17.Kh1 Ne5 18.Na4 Nfd7 19.Rb1 Qa8 20.Qc1 h6 21.c5 b5 22.Nb2
dxc5 23.bxc5 Be7 24.Nb3 f5 25.exf5 exf5 26.a4 Bd5 27.Na5 Bd8 28.Bd2 Bxa5 
29.Bxa5 Nc6 30.Bc3 b4 31.Qd1 Be6 32.Bd2 Nd4 33.Bxb4 Nxc2 34.Qxc2 Ne5 35.
Nd3 Nc6 36.Bc3 Rb8 37.Rb6 Bc4 38.Bb2 Bxd3 39.Qxd3 Rbd8 40.Qc3 Ne5 41.Bc4+ 
Kh7 42.h3 Re7 43.Rd6 Nc6 44.Bd5 Qb8 45.Bxc6 Rxd6 46.cxd6 Qxd6 47.Ba8 Qg3 
48.Be4 fxe4 49.fxe4 Qxc3 50.Bxc3 Rxe4 51.a5 Rc4 52.Bd2 Rc2 53.Bb4 Kg6 54.
Kh2 h5 55.Kg3 Kf5 56.Kf3 Rc4 57.Be1 Ra4 58.g3 Ra3+ 59.Kg2 g5 60.Kf1 Ra2 
61.Bb4 g4 0-1

[Event "4th EUR-ch"]
[Site "Istanbul TUR"]
[Date "2003.06.12"]
[Round "12.95"]
[White "Grant, Jonathan"]
[Black "Zueger, Beat"]
[Result "1-0"]
[WhiteElo "2253"]
[BlackElo "2448"]
[EventDate "2003.05.30"]
[PlyCount "89"]

1.c4 g6 2.Nc3 Bg7 3.g3 Nf6 4.Bg2 O-O 5.e4 d6 6.Nge2 c5 7.O-O Nc6 8.d3 Rb8 
9.a4 a6 10.h3 Ne8 11.Be3 Nc7 12.d4 cxd4 13.Nxd4 Nxd4 14.Bxd4 Bxd4 15.Qxd4 
b5 16.cxb5 axb5 17.a5 b4 18.Nd5 Nxd5 19.exd5 Ba6 20.Rfc1 Qd7 21.Rc6 Bb5 
22.Rb6 Qa7 23.Bf1 Bxf1 24.Kxf1 b3 25.Ra3 Rbc8 26.Qe3 Rc5 27.Rbxb3 Qa8 28.
a6 Qxd5 29.Qf3 Rc1+ 30.Kg2 Qc4 31.Rd3 e5 32.Qd5 Qb4 33.Rdc3 Rxc3 34.Rxc3 
Qxb2 35.Rb3 Qa2 36.Qb7 Kg7 37.a7 e4 38.Qb8 e3 39.Rxe3 Qd5+ 40.Kh2 Qc6 41.
Rb3 Rc8 42.Qxc8 Qxc8 43.Rb8 Qc5 44.a8=Q Qxf2+ 45.Qg2 1-0

[Event "4th EUR-ch"]
[Site "Istanbul TUR"]
[Date "2003.06.12"]
[Round "12.97"]
[White "Del Rio Angelis, Salvador Gabriel"]
[Black "Valansi, Avram Alber"]
[Result "1/2-1/2"]
[WhiteElo "2490"]
[BlackElo "2154"]
[EventDate "2003.05.30"]
[PlyCount "91"]

1.d4 Nf6 2.c4 d6 3.Nc3 e5 4.Nf3 Nbd7 5.e4 g6 6.Be2 Bg7 7.O-O O-O 8.Qc2 c6 
9.Rd1 Qe7 10.d5 c5 11.g3 h6 12.Rb1 b6 13.Nh4 Kh7 14.Na4 Ng8 15.a3 Bf6 16.
Ng2 Bg5 17.f4 exf4 18.gxf4 Bf6 19.Nc3 Bd4+ 20.Be3 Bxe3+ 21.Nxe3 f5 22.Ng2 
Ndf6 23.Bd3 Nxe4 24.Nxe4 fxe4 25.Bxe4 Qf6 26.b4 Ne7 27.bxc5 bxc5 28.Qb2 
Ba6 29.Qxf6 Rxf6 30.Bd3 Nf5 31.Re1 Raf8 32.a4 Kg7 33.Re4 R8f7 34.Re8 Rf8 
35.Re4 R8f7 36.Kf2 Re7 37.Rxe7+ Nxe7 38.Ke3 Nf5+ 39.Kd2 Nd4 40.Rb8 g5 41.
Ra8 Rf7 42.Ke3 Re7+ 43.Kf2 Rb7 44.Ke3 Re7+ 45.Kf2 Rb7 46.Ke3 1/2-1/2

[Event "4th EUR-ch"]
[Site "Istanbul TUR"]
[Date "2003.06.12"]
[Round "12.98"]
[White "Arduman, Can"]
[Black "Brendel, Oliver"]
[Result "1-0"]
[WhiteElo "2361"]
[BlackElo "2378"]
[EventDate "2003.05.30"]
[PlyCount "61"]

1.d4 Nf6 2.c4 g6 3.g3 Bg7 4.Bg2 d5 5.cxd5 Nxd5 6.e4 Nb6 7.Ne2 c5 8.d5 O-O 
9.O-O e6 10.Nec3 exd5 11.exd5 Bf5 12.Na3 Qd7 13.Re1 Bg4 14.Qb3 Bh3 15.Bh1 
Na6 16.Be3 Rfe8 17.Nc4 Nb4 18.Ne4 Nxc4 19.Qxc4 Nxd5 20.Bxc5 Qe6 21.Qb5 Kh8
22.Red1 h6 23.Qxb7 Rad8 24.Nd6 Nf4 25.gxf4 Rd7 26.Qb3 Qg4+ 27.Qg3 Red8 28.
Qxg4 Bxg4 29.Nxf7+ Kg8 30.Rxd7 Rxd7 31.Ne5 1-0

[Event "4th EUR-ch"]
[Site "Istanbul TUR"]
[Date "2003.06.12"]
[Round "12.100"]
[White "Can, Emre"]
[Black "Yeke, Serkan"]
[Result "1/2-1/2"]
[WhiteElo "2200"]
[BlackElo "2287"]
[EventDate "2003.05.30"]
[PlyCount "65"]

1.e4 c5 2.Nf3 e6 3.c3 Nf6 4.e5 Nd5 5.d4 cxd4 6.Qxd4 Nc6 7.Qe4 f5 8.Qe2 Be7
9.g3 O-O 10.Bg2 d6 11.exd6 Qxd6 12.Na3 Bf6 13.O-O a6 14.Nc4 Qc5 15.Bg5 b5 
16.Bxf6 gxf6 17.Ne3 Nxe3 18.fxe3 Ra7 19.Nd4 Ne5 20.Kh1 Rg7 21.e4 fxe4 22.
Qxe4 f5 23.Qe2 Rf6 24.Rae1 Ng4 25.h3 Nh6 26.Qe3 Qf8 27.Qf4 Nf7 28.Nc6 Rfg6
29.Re3 Bb7 30.Ne5 Bxg2+ 31.Kxg2 Nxe5 32.Qxe5 Qa8+ 33.Kh2 1/2-1/2

[Event "4th EUR-ch"]
[Site "Istanbul TUR"]
[Date "2003.06.12"]
[Round "12.101"]
[White "Demir, Gokhan"]
[Black "Akcan, Umit"]
[Result "1/2-1/2"]
[WhiteElo "2245"]
[BlackElo "2167"]
[EventDate "2003.05.30"]
[PlyCount "51"]

1.d4 d5 2.c4 c6 3.Nc3 Nf6 4.Nf3 dxc4 5.a4 Bf5 6.Ne5 e6 7.f3 Bb4 8.e4 Bxe4 
9.fxe4 Nxe4 10.Qf3 Qxd4 11.Qxf7+ Kd8 12.Bg5+ Nxg5 13.Qxg7 Bxc3+ 14.bxc3 
Qxc3+ 15.Ke2 Qc2+ 16.Ke3 Qe4+ 17.Kd2 Qd4+ 18.Ke2 Qe4+ 19.Kd2 Qd4+ 20.Kc2 
Qe4+ 21.Kc3 Qe3+ 22.Bd3 Ne4+ 23.Kxc4 Qc5+ 24.Kb3 Qc3+ 25.Ka2 Qd2+ 26.Kb3 
1/2-1/2

[Event "4th EUR-ch"]
[Site "Istanbul TUR"]
[Date "2003.06.12"]
[Round "12.102"]
[White "Erdogan, Hakan"]
[Black "Azimi, Reza"]
[Result "1/2-1/2"]
[WhiteElo "2239"]
[BlackElo "2046"]
[EventDate "2003.05.30"]
[PlyCount "141"]

1.d4 d5 2.c4 c6 3.Nc3 Nf6 4.Nf3 a6 5.c5 Nbd7 6.h3 Qc7 7.Qd3 e5 8.Nxe5 Nxe5
9.dxe5 Qxe5 10.Be3 Bf5 11.Qd4 Qxd4 12.Bxd4 Nd7 13.Na4 b5 14.cxb6 c5 15.Bc3
d4 16.Ba5 Be7 17.b3 O-O 18.g4 Be4 19.Rg1 Rab8 20.Bg2 f5 21.gxf5 Bxg2 22.
Rxg2 Rxf5 23.Rc1 c4 24.Bd2 c3 25.Bh6 g6 26.Rg4 Rd5 27.Bf4 Re8 28.b7 Ba3 
29.Rc2 d3 30.Rxc3 Bb4 31.Be3 Bxc3+ 32.Nxc3 Rh5 33.Rd4 Nc5 34.Rd5 Nxb7 35.
Rxh5 gxh5 36.exd3 Nc5 37.Kd2 Nd7 38.Ne4 Re6 39.b4 Ne5 40.Nc5 Rd6 41.Bf4 
Rd5 42.Bxe5 Rxe5 43.Nxa6 Kf7 44.a4 Ke7 45.Nc5 Kd6 46.a5 Rf5 47.Ke3 Re5+ 
48.Ne4+ Kc6 49.Kd4 Rd5+ 50.Ke3 Rb5 51.f4 Rxb4 52.f5 Rb5 53.Kf4 Rxa5 54.Kg5
Rd5 55.h4 Rxd3 56.Nf6 Kd6 57.Nxh7 Ke7 58.Kg6 Rf3 59.f6+ Ke8 60.Ng5 Rf1 61.
Kg7 Rf2 62.Kg6 Rf1 63.Ne6 Rg1+ 64.Ng5 Rf1 65.f7+ Kf8 66.Ne6+ Ke7 67.Ng5 
Kf8 68.Nh7+ Ke7 69.f8=Q+ Rxf8 70.Nxf8 Kxf8 71.Kxh5 1/2-1/2

[Event "4th EUR-ch"]
[Site "Istanbul TUR"]
[Date "2003.06.12"]
[Round "12.103"]
[White "Oney, Feridun"]
[Black "Kayar, Erdem"]
[Result "0-1"]
[WhiteElo "2251"]
[BlackElo "2077"]
[EventDate "2003.05.30"]
[PlyCount "134"]

1.c4 Nf6 2.Nf3 c5 3.Nc3 d5 4.cxd5 Nxd5 5.g3 Nc6 6.Bg2 Nc7 7.d3 e5 8.O-O 
Be7 9.Nd2 Bd7 10.Nc4 f6 11.Ne4 O-O 12.Bd2 Kh8 13.Rc1 Rb8 14.f4 exf4 15.
gxf4 f5 16.Ng3 Bf6 17.b3 b5 18.Ne3 Bd4 19.Kh1 Qh4 20.Be1 Bxe3 21.Nxf5 Qh5 
22.Nxe3 Rbe8 23.Bf3 Qh3 24.Ng2 Rf6 25.Bg3 Rg6 26.Kg1 Nd4 27.e4 Ra6 28.f5 
Rxa2 29.Bxc7 Bxf5 30.Ne3 Ne2+ 31.Kh1 Nxc1 32.Nxf5 Nxb3 33.Rg1 Rd2 34.Qf1 
Qxf1 35.Rxf1 Rxd3 36.Nd6 Rf8 37.Be2 Rxf1+ 38.Bxf1 Rd1 39.Kg2 a6 40.e5 Nd4 
41.Kf2 Rd2+ 42.Ke3 Rd1 43.Bh3 Re1+ 44.Kd3 Nc6 45.e6 h5 46.Bg2 Nb4+ 47.Kd2 
Rxe6 48.Ne4 c4 49.Ng5 Rf6 50.Be4 Nd3 51.Ke3 Nc5 52.Bd5 Rf5 53.Nf7+ Kh7 54.
Kd4 Nb3+ 55.Ke4 Rf1 56.Ng5+ Kg6 57.Bd8 a5 58.Nf3 a4 59.Be7 c3 60.Bg8 c2 
61.Ne5+ Kh6 62.Nd3 Re1+ 63.Nxe1 c1=Q 64.Nd3 Qh1+ 65.Kf5 Qf3+ 66.Nf4 g6+ 
67.Ke5 Qe3+ 0-1

[Event "4th EUR-ch"]
[Site "Istanbul TUR"]
[Date "2003.06.13"]
[Round "13.1"]
[White "Azmaiparashvili, Zurab"]
[Black "Graf, Alexander"]
[Result "1/2-1/2"]
[WhiteElo "2678"]
[BlackElo "2630"]
[EventDate "2003.05.30"]
[PlyCount "36"]

1.d4 Nf6 2.c4 e6 3.Nf3 b6 4.a3 Ba6 5.Qc2 Bb7 6.Nc3 c5 7.e4 cxd4 8.Nxd4 Bc5
9.Nb3 Nc6 10.Bf4 e5 11.Bg5 h6 12.Bh4 O-O 13.f3 Be7 14.Bf2 d6 15.Nd5 Nd7 
16.Be2 Nc5 17.O-O Re8 18.Rfd1 Bg5 1/2-1/2

[Event "4th EUR-ch"]
[Site "Istanbul TUR"]
[Date "2003.06.13"]
[Round "13.2"]
[White "Sakaev, Konstantin"]
[Black "Malakhov, Vladimir"]
[Result "1/2-1/2"]
[WhiteElo "2664"]
[BlackElo "2672"]
[EventDate "2003.05.30"]
[PlyCount "21"]

1.d4 d5 2.c4 c6 3.Nf3 Nf6 4.cxd5 cxd5 5.Nc3 Nc6 6.Bf4 Bf5 7.e3 e6 8.Bd3 
Bxd3 9.Qxd3 Bd6 10.Bxd6 Nxd4 11.exd4 1/2-1/2

[Event "4th EUR-ch"]
[Site "Istanbul TUR"]
[Date "2003.06.13"]
[Round "13.7"]
[White "Ivanchuk, Vasyl"]
[Black "Alekseev, Evgeny"]
[Result "1-0"]
[WhiteElo "2704"]
[BlackElo "2607"]
[EventDate "2003.05.30"]
[PlyCount "117"]

1.e4 e5 2.Nf3 Nc6 3.Bb5 Nf6 4.d3 d6 5.O-O Be7 6.Re1 O-O 7.c3 Bd7 8.Nbd2 
Re8 9.Nf1 Bf8 10.Bg5 h6 11.Bh4 Be7 12.a4 Nh7 13.Bg3 Bg4 14.h3 Bh5 15.N1h2 
a6 16.Bc4 Qc8 17.Qc2 Kh8 18.Nh4 Bg5 19.f3 Qd8 20.Qf2 Bf4 21.Nf5 Bg6 22.Ne3
Bxg3 23.Qxg3 Nf6 24.Qf2 Nh5 25.g3 Rf8 26.Kh1 Qd7 27.h4 Ne7 28.Ng2 Bh7 29.
Bb3 Qc6 30.g4 Nf6 31.a5 Qd7 32.d4 Nc6 33.Nf1 h5 34.g5 Ng8 35.Ba4 Qh3+ 36.
Nh2 f6 37.f4 Qc8 38.Qg3 Nge7 39.Bxc6 bxc6 40.f5 Bxf5 41.exf5 Nxf5 42.Qf3 
g6 43.gxf6 exd4 44.Nf4 Rxf6 45.Rg1 Kh7 46.Nxg6 Rxg6 47.Rxg6 Kxg6 48.Rg1+ 
Kf6 49.Qxh5 c5 50.Rg5 dxc3 51.Ng4+ Ke6 52.Rxf5 Qe8 53.Rf6+ Kd7 54.Qf5+ Kc6
55.Ne5+ Kb5 56.Re6 Qh8 57.Qd3+ Kxa5 58.Qxc3+ Ka4 59.Qa3+ 1-0

[Event "4th EUR-ch"]
[Site "Istanbul TUR"]
[Date "2003.06.13"]
[Round "13.11"]
[White "Asrian, Karen"]
[Black "Rublevsky, Sergei"]
[Result "1/2-1/2"]
[WhiteElo "2596"]
[BlackElo "2670"]
[EventDate "2003.05.30"]
[PlyCount "20"]

1.d4 d5 2.c4 c6 3.Nf3 Nf6 4.e3 Bf5 5.Nc3 e6 6.Bd3 Bxd3 7.Qxd3 Nbd7 8.O-O 
Be7 9.b3 O-O 10.Bb2 a5 1/2-1/2

[Event "4th EUR-ch"]
[Site "Istanbul TUR"]
[Date "2003.06.13"]
[Round "13.14"]
[White "Iordachescu, Viorel"]
[Black "Gurevich, Mikhail"]
[Result "1-0"]
[WhiteElo "2550"]
[BlackElo "2635"]
[EventDate "2003.05.30"]
[PlyCount "65"]

1.e4 e6 2.d4 d5 3.Nc3 Nf6 4.Bg5 dxe4 5.Nxe4 Nbd7 6.Nf3 h6 7.Nxf6+ Nxf6 8.
Be3 a6 9.Bd3 Bd6 10.Qe2 b5 11.O-O-O Bb7 12.Ne5 Bd5 13.Kb1 c5 14.c4 bxc4 
15.Nxc4 cxd4 16.Bxd4 Be7 17.Nb6 Rb8 18.Nxd5 Nxd5 19.Bxa6 O-O 20.Bc4 Bf6 
21.Bb3 Bxd4 22.Rxd4 Qf6 23.Rhd1 Ne7 24.Qf3 Nf5 25.R4d3 Qe5 26.g4 Nh4 27.
Qg3 Qf6 28.f4 g5 29.Rd4 Ng6 30.f5 Nf4 31.Qe3 Rfe8 32.Rd6 Kg7 33.h4 1-0

[Event "4th EUR-ch"]
[Site "Istanbul TUR"]
[Date "2003.06.13"]
[Round "13.23"]
[White "Rozentalis, Eduardas"]
[Black "Vaganian, Rafael"]
[Result "1/2-1/2"]
[WhiteElo "2586"]
[BlackElo "2653"]
[EventDate "2003.05.30"]
[PlyCount "129"]

1.e4 Nf6 2.e5 Nd5 3.d4 d6 4.Nf3 g6 5.Bc4 c6 6.O-O Bg7 7.h3 dxe5 8.dxe5 O-O
9.Qe2 Qc7 10.Bxd5 cxd5 11.Nc3 Qc4 12.Re1 Nc6 13.Nb5 Bf5 14.Qxc4 dxc4 15.
Nbd4 Nxd4 16.Nxd4 Rfd8 17.Nxf5 gxf5 18.Bg5 Kf8 19.c3 Rd5 20.Bf4 h5 21.f3 
e6 22.Kf2 Rc8 23.Re2 Ra5 24.a3 Rcc5 25.Rae1 Kg8 26.Kg3 Kh7 27.Kh4 Kg6 28.
g4 hxg4 29.hxg4 Rd5 30.Kg3 a6 31.Kh4 Rd8 32.Kg3 Rad5 33.Rh1 Rh8 34.Rg1 
fxg4 35.Kxg4 Rh5 36.Rge1 b5 37.Re4 Rd8 38.Kg3 Rd5 39.Kg4 Bf8 40.a4 Bc5 41.
Kg3 Be7 42.Bc1 Kh7 43.axb5 axb5 44.Rf4 Bg5 45.Rxf7+ Kg6 46.Rf8 Bh4+ 47.Kg4
Bxe1 48.Rf6+ Kg7 49.Kxh5 Rxe5+ 50.Bg5 Re2 51.f4 b4 52.cxb4 Bxb4 53.Kg4 Bc5
54.Kf3 Re3+ 55.Kg4 Bd4 56.Rh6 Bxb2 57.Rh2 Bf6 58.Bxf6+ Kxf6 59.Rh7 Re1 60.
Rc7 Rc1 61.Kf3 c3 62.Ke3 Rh1 63.Rc5 Rh2 64.Kd3 c2 65.Ke4 1/2-1/2

[Event "4th EUR-ch"]
[Site "Istanbul TUR"]
[Date "2003.06.13"]
[Round "13.24"]
[White "Sargissian, Gabriel"]
[Black "Beliavsky, Alexander"]
[Result "1/2-1/2"]
[WhiteElo "2572"]
[BlackElo "2649"]
[EventDate "2003.05.30"]
[PlyCount "81"]

1.d4 d5 2.c4 c6 3.Nf3 Nf6 4.e3 Bf5 5.Nc3 e6 6.Nh4 Be4 7.f3 Bg6 8.Qb3 Qc7 
9.Bd2 Nbd7 10.cxd5 exd5 11.O-O-O Be7 12.Nxg6 hxg6 13.e4 dxe4 14.fxe4 Nb6 
15.g3 O-O 16.Bf4 Qd8 17.h4 a5 18.a3 a4 19.Qc2 Nh5 20.Be5 Bd6 21.Qh2 Bb8 
22.Be2 f6 23.Bxb8 Qxb8 24.Bxh5 gxh5 25.Qe2 Qxg3 26.Qxh5 Nc4 27.Qe2 c5 28.
Rhg1 Qe3+ 29.Qxe3 Nxe3 30.Rd3 Nc4 31.Rf1 Nd6 32.Rf4 Rad8 33.Kc2 Rfe8 34.h5
Nf7 35.Rf5 Nd6 36.Rxc5 Nxe4 37.Rc6 Nxc3 38.Kxc3 Rd5 39.h6 g5 40.Rxf6 Rc8+ 
41.Kb4 1/2-1/2

[Event "4th EUR-ch"]
[Site "Istanbul TUR"]
[Date "2003.06.13"]
[Round "13.25"]
[White "Tkachiev, Vladislav"]
[Black "Jobava, Baadur"]
[Result "1-0"]
[WhiteElo "2643"]
[BlackElo "2566"]
[EventDate "2003.05.30"]
[PlyCount "22"]

1.d4 Nf6 2.c4 g6 3.Nc3 Bg7 4.e4 d6 5.Nf3 O-O 6.Be2 e5 7.O-O Na6 8.Rb1 Re8 
9.Bg5 exd4 10.Qxd4 Ng4 11.Qd2 Nc5 1-0

[Event "4th EUR-ch"]
[Site "Istanbul TUR"]
[Date "2003.06.13"]
[Round "13.26"]
[White "Lputian, Smbat"]
[Black "Mchedlishvili, Mikheil"]
[Result "1-0"]
[WhiteElo "2638"]
[BlackElo "2560"]
[EventDate "2003.05.30"]
[PlyCount "113"]

1.d4 Nf6 2.c4 e6 3.Nf3 b6 4.g3 Ba6 5.b3 Bb4+ 6.Bd2 Be7 7.Bg2 c6 8.O-O d5 
9.Qc2 Nbd7 10.Rd1 Rc8 11.Nc3 O-O 12.e4 dxc4 13.Bf4 b5 14.bxc4 bxc4 15.Rab1
Qa5 16.h3 h6 17.Bd2 Qc7 18.Bf4 Qa5 19.g4 Rfe8 20.Bd2 Qc7 21.Qc1 Rb8 22.
Rxb8 Qxb8 23.g5 hxg5 24.Bxg5 c5 25.e5 Nd5 26.Nxd5 exd5 27.Bxe7 Rxe7 28.Qg5
Re6 29.Nh4 cxd4 30.Bxd5 Qxe5 31.Qd8+ Nf8 32.Bxe6 Qxe6 33.Qxd4 Qxh3 34.Qf4 
Qe6 35.Rc1 g6 36.Nf3 Qd5 37.Ne5 Nd7 38.Nxc4 Bb7 39.f3 g5 40.Qe3 f6 41.Kf2 
Ba6 42.Qe4 Qc5+ 43.Kg2 Kg7 44.Rd1 Bxc4 45.Rxd7+ Bf7 46.a4 a5 47.Qd4 Qc2+ 
48.Kg3 Qb1 49.Ra7 Qe1+ 50.Kg2 Qe2+ 51.Qf2 Qe8 52.Rxa5 Qc6 53.Qc5 Qe6 54.
Qd4 Qa2+ 55.Kg3 Kg6 56.Ra6 Be6 57.Rxe6 1-0

[Event "4th EUR-ch"]
[Site "Istanbul TUR"]
[Date "2003.06.13"]
[Round "13.27"]
[White "Lastin, Alexander"]
[Black "Burmakin, Vladimir"]
[Result "1-0"]
[WhiteElo "2632"]
[BlackElo "2569"]
[EventDate "2003.05.30"]
[PlyCount "52"]

1.e4 c6 2.d4 d5 3.e5 Bf5 4.g4 Bd7 5.c4 e6 6.Nc3 Ne7 7.Nf3 Na6 8.h4 c5 9.
Be3 Bc6 10.Rh3 dxc4 11.Bxc4 Nb4 12.Qb3 Ned5 13.a3 Nxe3 14.fxe3 Nd5 15.Bxd5
exd5 16.O-O-O Qd7 17.Rf1 f6 18.Rh2 O-O-O 19.g5 Be7 20.Kc2 Qe6 21.Ne2 fxe5 
22.Nxe5 Bd6 23.Nf4 Qe8 24.Nxc6 bxc6 25.Re2 cxd4 26.exd4 Qf7 1-0

[Event "4th EUR-ch"]
[Site "Istanbul TUR"]
[Date "2003.06.13"]
[Round "13.29"]
[White "Tiviakov, Sergei"]
[Black "Zelcic, Robert"]
[Result "1-0"]
[WhiteElo "2623"]
[BlackElo "2540"]
[EventDate "2003.05.30"]
[PlyCount "75"]

1.e4 c6 2.d3 d5 3.Nd2 g6 4.Ngf3 Bg7 5.g3 e5 6.Bg2 Ne7 7.O-O O-O 8.b4 a5 9.
bxa5 Rxa5 10.Bb2 Bg4 11.h3 Bxf3 12.Bxf3 dxe4 13.Bxe4 Ra7 14.Nb3 Qc8 15.Bg2
c5 16.Re1 Nd7 17.h4 Qc7 18.Qe2 Nf5 19.h5 Rfa8 20.hxg6 hxg6 21.a3 Nd4 22.
Nxd4 cxd4 23.Bd5 Nb6 24.Bb3 Na4 25.Bc1 Nc5 26.Bd5 Ra5 27.Rb1 Rd8 28.Bc4 
Qc6 29.Bg5 Bf6 30.Bxf6 Qxf6 31.Qxe5 Qxe5 32.Rxe5 Kf8 33.Rb6 Nd7 34.Rxa5 
Nxb6 35.Bb3 Rd7 36.Kg2 Ke7 37.Kf3 f5 38.Re5+ 1-0

[Event "4th EUR-ch"]
[Site "Istanbul TUR"]
[Date "2003.06.13"]
[Round "13.30"]
[White "Atalik, Suat"]
[Black "Kozul, Zdenko"]
[Result "0-1"]
[WhiteElo "2568"]
[BlackElo "2601"]
[EventDate "2003.05.30"]
[PlyCount "46"]

1.d4 Nf6 2.c4 g6 3.Nc3 Bg7 4.e4 d6 5.Nf3 O-O 6.Be2 Bg4 7.Be3 Nfd7 8.Qb3 
Bxf3 9.Bxf3 Nc6 10.Rd1 e5 11.dxe5 Ncxe5 12.Be2 b6 13.O-O Nc5 14.Qc2 Nc6 
15.f3 a5 16.Rfe1 Qd7 17.Bf1 f5 18.exf5 Rxf5 19.Qd2 Re8 20.Bh6 Rxe1 21.Rxe1
Bxh6 22.Qxh6 Qg7 23.Qxg7+ Kxg7 0-1

[Event "4th EUR-ch"]
[Site "Istanbul TUR"]
[Date "2003.06.13"]
[Round "13.33"]
[White "Vaisser, Anatoli"]
[Black "Zviagintsev, Vadim"]
[Result "1/2-1/2"]
[WhiteElo "2563"]
[BlackElo "2664"]
[EventDate "2003.05.30"]
[PlyCount "27"]

1.d4 d5 2.c4 e6 3.Nc3 Be7 4.cxd5 exd5 5.Bf4 c6 6.e3 Bd6 7.Qf3 Ne7 8.Bd3 
Bf5 9.Bxf5 Nxf5 10.Be5 Bxe5 11.Qxf5 Bd6 12.Nf3 Nd7 13.O-O-O Qf6 14.Qxf6 
1/2-1/2

[Event "4th EUR-ch"]
[Site "Istanbul TUR"]
[Date "2003.06.13"]
[Round "13.34"]
[White "Macieja, Bartlomiej"]
[Black "Schandorff, Lars"]
[Result "1-0"]
[WhiteElo "2634"]
[BlackElo "2563"]
[EventDate "2003.05.30"]
[PlyCount "83"]

1.e4 c6 2.Nc3 d5 3.d4 dxe4 4.Nxe4 Nd7 5.Ng5 Ngf6 6.Bd3 e6 7.N1f3 Bd6 8.Qe2
h6 9.Ne4 Nxe4 10.Qxe4 Qc7 11.O-O b6 12.Qg4 g5 13.Qh3 Rg8 14.Nd2 Bb7 15.Nc4
O-O-O 16.a4 c5 17.Nxd6+ Qxd6 18.dxc5 Nxc5 19.Be2 h5 20.Qc3 Kb8 21.a5 g4 
22.axb6 axb6 23.Qa3 e5 24.Re1 Qc6 25.Bf1 f6 26.Be3 Kc7 27.b4 Ra8 28.Qb2 
Ne4 29.Qb3 Rgf8 30.Rxa8 Bxa8 31.c4 Bb7 32.Rc1 Kb8 33.Qa3 Rd8 34.c5 bxc5 
35.bxc5 Rd7 36.Qb3 Nd2 37.Bxd2 Rxd2 38.Qg8+ Qc8 39.Qh7 Qd7 40.Qh8+ Qd8 41.
Qxh5 Rxf2 42.Qxg4 1-0

[Event "4th EUR-ch"]
[Site "Istanbul TUR"]
[Date "2003.06.13"]
[Round "13.35"]
[White "Volkov, Sergei"]
[Black "Romanyshyn, Oleh"]
[Result "1/2-1/2"]
[WhiteElo "2634"]
[BlackElo "2558"]
[EventDate "2003.05.30"]
[PlyCount "35"]

1.d4 Nf6 2.c4 e6 3.Nc3 Bb4 4.f3 c5 5.d5 Nh5 6.Nh3 d6 7.Nf2 e5 8.e4 O-O 9.
g3 g6 10.Bh6 Ng7 11.h4 f5 12.h5 Nxh5 13.Rxh5 gxh5 14.Bxf8 Qxf8 15.Bh3 Bd7 
16.exf5 Bxf5 17.Bxf5 Qxf5 18.Ne4 1/2-1/2

[Event "4th EUR-ch"]
[Site "Istanbul TUR"]
[Date "2003.06.13"]
[Round "13.36"]
[White "Goloshchapov, Alexander"]
[Black "Baklan, Volodymyr"]
[Result "0-1"]
[WhiteElo "2558"]
[BlackElo "2607"]
[EventDate "2003.05.30"]
[PlyCount "94"]

1.e4 d6 2.d4 Nf6 3.Nc3 g6 4.Be3 c6 5.h3 Bg7 6.f4 Qb6 7.Qc1 O-O 8.Bd3 Na6 
9.a3 c5 10.Nf3 cxd4 11.Bxd4 Nc5 12.b4 Nxd3+ 13.cxd3 Qd8 14.O-O b6 15.Qb2 
Bb7 16.Rae1 Qe8 17.f5 e5 18.fxe6 fxe6 19.Ng5 e5 20.Qb3+ Kh8 21.Be3 Qd7 22.
Rc1 d5 23.exd5 Nxd5 24.Rxf8+ Rxf8 25.Nxd5 Bxd5 26.Qc2 Bb7 27.Rf1 Rxf1+ 28.
Kxf1 Ba6 29.Ke2 Qd5 30.Kf2 h6 31.b5 Bxb5 32.Qc8+ Qg8 33.Nf7+ Kh7 34.Qxg8+ 
Kxg8 35.Nd6 Bxd3 36.Nc8 b5 37.Nxa7 Kf7 38.Nc6 Ke6 39.Nb4 e4 40.Bc5 Bb2 41.
Ke3 Bb1 42.Na6 Kd5 43.Bf8 Kc4 44.Nc7 Bd4+ 45.Ke2 Bd3+ 46.Ke1 e3 47.Bb4 Be5
0-1

[Event "4th EUR-ch"]
[Site "Istanbul TUR"]
[Date "2003.06.13"]
[Round "13.38"]
[White "Kempinski, Robert"]
[Black "Andersson, Ulf"]
[Result "1-0"]
[WhiteElo "2553"]
[BlackElo "2594"]
[EventDate "2003.05.30"]
[PlyCount "118"]

1.d4 Nf6 2.c4 e6 3.Nf3 Bb4+ 4.Nbd2 b6 5.a3 Bxd2+ 6.Qxd2 O-O 7.e3 Bb7 8.Be2
a5 9.b3 d6 10.O-O Nbd7 11.Bb2 Qe7 12.Rad1 Rfd8 13.Qc2 c5 14.Nd2 d5 15.dxc5
Nxc5 16.cxd5 Bxd5 17.Bd4 a4 18.bxa4 Nxa4 19.Rc1 h6 20.Bb5 Nc5 21.Qb2 Rdc8 
22.f3 Bc6 23.Be2 Ncd7 24.Qb4 Qxb4 25.axb4 e5 26.Ba1 Bd5 27.Bb5 Be6 28.e4 
Kf8 29.Kf2 Ke7 30.Rfd1 h5 31.h4 g6 32.g3 Rxc1 33.Rxc1 Ra2 34.Ke3 Ra3+ 35.
Ke2 Ra2 36.Bc3 Ra3 37.Bb2 Ra2 38.Rb1 Ne8 39.Bxd7 Bxd7 40.Bxe5 Bb5+ 41.Ke1 
Nd6 42.Rb2 Ra1+ 43.Kf2 Nc4 44.Nxc4 Bxc4 45.Rd2 Ra2 46.Bb2 Ke6 47.Ke3 b5 
48.Kf4 f6 49.g4 hxg4 50.fxg4 Ra4 51.h5 gxh5 52.gxh5 Ra7 53.Rh2 Rh7 54.h6 
Bd3 55.Bd4 Bc4 56.e5 Kd5 57.Bb2 fxe5+ 58.Bxe5 Rf7+ 59.Ke3 Kxe5 1-0

[Event "4th EUR-ch"]
[Site "Istanbul TUR"]
[Date "2003.06.13"]
[Round "13.39"]
[White "Stevic, Hrvoje"]
[Black "Huzman, Alexander"]
[Result "0-1"]
[WhiteElo "2550"]
[BlackElo "2589"]
[EventDate "2003.05.30"]
[PlyCount "89"]

1.e4 c6 2.d3 d5 3.Nd2 g6 4.Ngf3 Bg7 5.g3 e5 6.Bg2 Ne7 7.O-O O-O 8.b4 a5 9.
bxa5 Qxa5 10.Bb2 Qc7 11.Re1 d4 12.c3 c5 13.cxd4 exd4 14.Qc2 Na6 15.Rec1 
Nc6 16.Nb3 Bh6 17.Nfd2 b6 18.f4 Bb7 19.a3 Bg7 20.e5 Rad8 21.Ne4 Qb8 22.
Rcb1 Ne7 23.Bc1 Nd5 24.Nd6 Rxd6 25.exd6 Nc3 26.Bxb7 Qxb7 27.Qg2 Qd7 28.Nd2
b5 29.Ne4 Re8 30.Bd2 Nxb1 31.Rxb1 f5 32.Ng5 Qxd6 33.Rxb5 h6 34.Nf3 Nc7 35.
Rb7 Nd5 36.Rb1 Ne3 37.Bxe3 dxe3 38.Qa2+ Kh7 39.Qc4 Re7 40.Kf1 e2+ 41.Kf2 
Re8 42.Re1 Qe7 43.Qc1 c4 44.dxc4 Qc5+ 45.Kg2 0-1

[Event "4th EUR-ch"]
[Site "Istanbul TUR"]
[Date "2003.06.13"]
[Round "13.41"]
[White "Svetuschin, Dumitru"]
[Black "Markowski, Tomasz"]
[Result "0-1"]
[WhiteElo "2543"]
[BlackElo "2587"]
[EventDate "2003.05.30"]
[PlyCount "70"]

1.d4 d5 2.c4 dxc4 3.e4 Nf6 4.e5 Nd5 5.Bxc4 Nb6 6.Bd3 Nc6 7.Ne2 Bg4 8.f3 
Be6 9.Nbc3 Bd5 10.O-O e6 11.a3 Be7 12.Qc2 Bc4 13.Bxc4 Nxc4 14.Rd1 Nb6 15.
Qe4 O-O 16.Nf4 Re8 17.Kh1 Bf8 18.Nh5 Nd5 19.Qg4 Nxc3 20.Re1 Nd5 21.Bg5 
Nce7 22.Re4 Qd7 23.h4 Ng6 24.Qh3 Qb5 25.Rg1 Qxb2 26.Ng3 Qxa3 27.h5 Nge7 
28.Rg4 Ne3 29.Ne4 Nxg4 30.Qxg4 Nd5 31.Bf6 h6 32.Nc5 Ne3 33.Qf4 Bxc5 34.
dxc5 Qxc5 35.g4 Nd5 0-1

[Event "4th EUR-ch"]
[Site "Istanbul TUR"]
[Date "2003.06.13"]
[Round "13.44"]
[White "Gashimov, Vugar"]
[Black "Dvoirys, Semen"]
[Result "1/2-1/2"]
[WhiteElo "2579"]
[BlackElo "2552"]
[EventDate "2003.05.30"]
[PlyCount "100"]

1.e4 c5 2.Nf3 d6 3.d4 cxd4 4.Nxd4 Nf6 5.Nc3 a6 6.Be3 e5 7.Nb3 Be6 8.f3 
Nbd7 9.g4 Be7 10.Qd2 Nb6 11.O-O-O O-O 12.h4 Rc8 13.h5 d5 14.g5 Nxe4 15.
Nxe4 dxe4 16.Qf2 Nd7 17.Rg1 exf3 18.Bd3 Qc7 19.Qxf3 f5 20.gxf6 Nxf6 21.Kb1
Rf7 22.Rdf1 Bc4 23.Qg2 Bxd3 24.cxd3 Qd7 25.Ka1 Nxh5 26.Rxf7 Kxf7 27.Nd2 
Rc2 28.Qf3+ Nf6 29.Nc4 Qd5 30.Qg3 Bf8 31.Bg5 Bc5 32.Bxf6 Bxg1 33.Qxg7+ Ke6
34.Bg5 Rxc4 35.Qh6+ Kf5 36.dxc4 Qxc4 37.Bc1 Qg8 38.Qh3+ Ke4 39.Qh1+ Kd4 
40.Qxb7 Qg6 41.Qd7+ Ke4 42.Qb7+ Kd4 43.Qd7+ Ke4 44.Qb7+ Kf5 45.Qd7+ Ke4 
46.Qb7+ Kf5 47.Qd7+ Ke4 48.Qb7+ Kf5 49.Qd7+ Ke4 50.Qb7+ Kf5 1/2-1/2

[Event "4th EUR-ch"]
[Site "Istanbul TUR"]
[Date "2003.06.13"]
[Round "13.45"]
[White "Godena, Michele"]
[Black "Delchev, Alexander"]
[Result "1/2-1/2"]
[WhiteElo "2527"]
[BlackElo "2577"]
[EventDate "2003.05.30"]
[PlyCount "86"]

1.e4 e5 2.Nf3 Nc6 3.d4 exd4 4.Nxd4 Nf6 5.Nxc6 bxc6 6.Bd3 d5 7.exd5 cxd5 8.
Bb5+ Bd7 9.Bxd7+ Qxd7 10.O-O Be7 11.b3 O-O 12.Bb2 Ne4 13.Nd2 Bf6 14.Bxf6 
Nxf6 15.Nf3 Rfe8 16.Re1 Qc6 17.Qd3 Ne4 18.Re3 Nc5 19.Rxe8+ Rxe8 20.Qc3 Qb6
21.Rd1 Ne4 22.Qd4 c6 23.Qxb6 axb6 24.a4 Nc3 25.Re1 Rxe1+ 26.Nxe1 Kf8 27.
Kf1 Ke7 28.Nd3 Kd6 29.Ke1 c5 30.Kd2 Ne4+ 31.Ke3 Ng5 32.Nf4 f5 33.f3 g6 34.
h4 Nf7 35.Nh3 d4+ 36.Kd2 h6 37.Nf4 g5 38.hxg5 hxg5 39.Nd3 Kd5 40.Nb2 Nd6 
41.Kd3 g4 42.c3 dxc3 43.Kxc3 g3 1/2-1/2

[Event "4th EUR-ch"]
[Site "Istanbul TUR"]
[Date "2003.06.13"]
[Round "13.46"]
[White "Luther, Thomas"]
[Black "Kulaots, Kaido"]
[Result "1/2-1/2"]
[WhiteElo "2571"]
[BlackElo "2514"]
[EventDate "2003.05.30"]
[PlyCount "30"]

1.e4 c5 2.Nf3 g6 3.d4 Bg7 4.c4 Qb6 5.dxc5 Qxc5 6.Be2 d6 7.O-O Nc6 8.a3 Qb6
9.Ra2 Bg4 10.Be3 Qc7 11.b4 a5 12.b5 Bxf3 13.gxf3 Ne5 14.b6 Qd8 15.Kg2 h5 
1/2-1/2